Statistics for General Knowledge Quiz #208

Click here to take the quiz!

General Stats

  • This quiz has been taken 35,577 times
  • The average score is 13 of 22

Answer Stats

QuestionAnswer% Correct
What is the capital of Russia?Moscow
99%
What was the capital before that, from 1713 to 1918?Saint Petersburg
86%
What was World War I known as before World War II came around?The {Great} War
85%
What did Narcissus fall in love with?His own reflection
80%
What is the most populous country that is located entirely on islands?Indonesia
73%
How does a true Scotsman say yes?Aye
68%
Who would you encounter if you had a "close encounter of the third kind"?Aliens
66%
What word appears in the names of the capitals of Haiti, Papua New Guinea,
and four other countries?
Port
65%
What would be the appropriate beverage to drink at a Bacchanalia?Wine
65%
"Is the Pope Catholic?" is an example of what type of question?{Rhetorical} Question
63%
Where would you be most likely to see a "prima donna"?At the opera
59%
What language officially introduced the letter ẞ into its alphabet in 2017?German
59%
Who addressed a letter to Franklin D. Roosevelt in 1939 saying that it was
possible to build an atomic bomb?
Albert Einstein
(and others)
58%
What animal was known to ancient Greeks and Romans as a "horse tiger"?Zebra
53%
What fictional character was portrayed by George Reeves and Christopher Reeve?Superman
51%
What other "pool" can be found about 30 miles north of Liverpool?{Black}pool
49%
The "La Brea Tar Pits" of Los Angeles have a redundant name. What does La Brea mean?The Tar
48%
What sport has been humorously referred to as "handegg"?American Football
45%
What did Shylock ask for a pound of in "The Merchant of Venice"?Flesh
41%
What city is Sri Jayawardenepura Kotte a suburb of?Colombo
36%
Whose 8th and final marriage was to a construction worker twenty years her junior,
with the ceremony held at Michael Jackson's Neverland Ranch?
Elizabeth Taylor
35%
When would someone employ the method developed by Fernand Lamaze?Childbirth
31%

Score Distribution

Percentile by Number Answered

Percent of People with Each Score

Your Score History

You have not taken this quiz